Southville International School and Colleges
Your cart is empty.
  • Cart
  • Lists
    Public lists Eva Luna New books Lux_list list_1
    Your lists Log in to create your own lists
  • Log in to your account
  • Your cookies
  • Search history
Southville International School and Colleges
  • Advanced search
  • Recent comments
  • Most popular
  • Libraries

Log in to your account

Log in with GOOGLE


If you do not have an external account, but do have a local account, you can still log in:

  1. Home
  2. MARC view: Chivalry
Normal view MARC view ISBD view

Chivalry (Record no. 251718)

[ view plain ]
MARC details
000 -LEADER
fixed length control field 01137cam a22003013a 4500
001 - CONTROL NUMBER
control field 22463
003 - CONTROL NUMBER IDENTIFIER
control field PGUSA
005 - DATE AND TIME OF LATEST TRANSACTION
control field 20140828083458.0
008 - FIXED-LENGTH DATA ELEMENTS--GENERAL INFORMATION
fixed length control field 080826s2008||||xxu|||||s|||||000 1 eng d
040 ## - CATALOGING SOURCE
Original cataloging agency PGUSA
Language of cataloging eng
042 ## - AUTHENTICATION CODE
Authentication code dc
050 #4 - LIBRARY OF CONGRESS CALL NUMBER
Classification number PS
100 1# - MAIN ENTRY--PERSONAL NAME
Personal name Cabell, James Branch,
Dates associated with a name 1879-1958
245 10 - TITLE STATEMENT
Title Chivalry
Medium [electronic resource] /
Statement of responsibility, etc James Branch Cabell
260 ## - PUBLICATION, DISTRIBUTION, ETC. (IMPRINT)
Name of publisher, distributor, etc Project Gutenberg,
Date of publication, distribution, etc 2008
505 0# - FORMATTED CONTENTS NOTE
Formatted contents note The story of the sestina -- The story of the tenson -- The story of the rat-trap -- The story of the choices -- The story of the housewife --The story of the satraps -- The story of the heritage -- The story of the scabbard -- The story of the Navarrese -- The story of the fox-brush.
506 ## - RESTRICTIONS ON ACCESS NOTE
Terms governing access Public domain in the USA.
516 ## - TYPE OF COMPUTER FILE OR DATA NOTE
Type of computer file or data note Electronic text
653 ## - INDEX TERM--UNCONTROLLED
Uncontrolled term Fantasy fiction
653 ## - INDEX TERM--UNCONTROLLED
Uncontrolled term Middle Ages -- Fiction
653 ## - INDEX TERM--UNCONTROLLED
Uncontrolled term Historical fiction
700 1# - ADDED ENTRY--PERSONAL NAME
Personal name Pyle, Howard,
Dates associated with a name 1853-1911
700 1# - ADDED ENTRY--PERSONAL NAME
Personal name Elliott, Elizabeth Shippen Green,
Dates associated with a name 1871-1954
700 1# - ADDED ENTRY--PERSONAL NAME
Personal name Lawrence, William Hurd
830 #0 - SERIES ADDED ENTRY--UNIFORM TITLE
Uniform title Project Gutenberg
Volume number/sequential designation 22463
856 40 - ELECTRONIC LOCATION AND ACCESS
Uniform Resource Identifier <a href="http://www.gutenberg.org/ebooks/22463">http://www.gutenberg.org/ebooks/22463</a>
942 ## - ADDED ENTRY ELEMENTS (KOHA)
Koha item type eBooks
Holdings
Withdrawn status Lost status Damaged status Home library Current library Date acquired Total Checkouts Date last seen Price effective from Koha item type
      Project Gutenberg Project Gutenberg 08/28/2014   08/28/2014 08/28/2014 eBooks

Chivalry

APA

Cabell J. B., Pyle H., Elliott E. S. G. & Lawrence W. H. (2008). Chivalry. : Project Gutenberg.

Chicago

Cabell James Branch, Pyle Howard, Elliott Elizabeth Shippen Green and Lawrence William Hurd. 2008. Chivalry. : Project Gutenberg.

Harvard

Cabell J. B., Pyle H., Elliott E. S. G. and Lawrence W. H. (2008). Chivalry. : Project Gutenberg.

MLA

Cabell James Branch, Pyle Howard, Elliott Elizabeth Shippen Green and Lawrence William Hurd. Chivalry. : Project Gutenberg. 2008.

  • Place hold
  • Print
  • Cite
  • Add to your cart (remove)
  • Save record
    BIBTEX Dublin Core MARCXML MARC (non-Unicode/MARC-8) MARC (Unicode/UTF-8) MARC (Unicode/UTF-8, Standard) MODS (XML) RIS
  • More searches
    Search for this title in:
    Other Libraries (WorldCat) Other Databases (Google Scholar) Online Stores (Bookfinder.com) Open Library (openlibrary.org)

Exporting to Dublin Core...

SOUTHVILLE LIBRARY

Southville International School and Colleges Library

1281 Tropical Ave. Cor. Luxembourg St., BF Homes International, Las Pinas City

Tel. No. 8256374 / 252358 Loc. 117/146

Powered by Koha